Destino manifiesto (Registro nro. 437068)

Detalles MARC
000 -LÍDER
Campo fijo de descripción fija 00773nam a22002417a 4500
003 - IDENTIFICADOR DEL NÚMERO DE CONTROL
Campo de control BCEG
005 - FECHA Y HORA DE LA ULTIMA TRANSACCIÓN
control field 20260129125803.0
008 - ELEMENTOS DE LONGITUD FIJA -- INFORMACIÓN GENERAL
Campo fijo de descripción fija -- Información general 260129s1972 mx |||||||||||||||||spa d
020 ## - ISBN
Isbn 9683901689
040 ## - FUENTE DE CATALOGACIÓN
Agencia de catalogación original BCEG
Idioma de catalogación spa
Agencia que realiza la transcripción BCEG
082 04 - NÚMERO DE CLASIFICACIÓN DECIMAL DEWEY
Número de clasificación 907.209
Clave de autor-Numero de item O771d
100 1# - ASIENTO PRINCIPAL--NOMBRE PERSONAL
Nombre del autor personal Ortega y Medina, Juan Antonio,
Fechas asociadas con el nombre 1913-1992.
245 10 - TÍTULO PROPIAMENTE DICHO
Título Destino manifiesto
Otra información sobre el título - Subtitulo : sus razones históricas y su raíz teológica.
260 ## - PUBLICACIÓN, DISTRIBUCIÓN, ETC. (PIE DE IMPRENTA)
Lugar de publicación, distribución, etc. México :
Nombre del editor, distribuidor, etc. Patria : Alianza : Consejo Nacional para la Cultura y las Artes,
Fecha de publicación, distribución, etc. 1989.
300 ## - DESCRIPCIÓN FÍSICA
Extensión 154 p.
490 ## - MENCIÓN DE SERIE
Mención de serie Los Noventa ;
Designación numérica/secuencial del volumen 8.
500 ## - NOTA GENERAL
Nota General Con firma de la donante: Célica Canovas.
504 ## - NOTA DE BIBLIOGRAFÍA, ETC.
Nota de bibliografía, etc Incluye bibliografía.
541 ## - NOTA DE FUENTE INMEDIATA DE ADQUISICIÓN
Nota de fuente de adquisición Donación.
651 ## - ENCABEZAMIENTO DE MATERIA -- NOMBRE GEOGRÁFICO
Nombre geográfico Estados Unidos
Subdivisión general Historia.
651 ## - ENCABEZAMIENTO DE MATERIA -- NOMBRE GEOGRÁFICO
Nombre geográfico Hispanoamerica
Subdivisión general Historia.
942 ## - TIPO DE MATERIAL (KOHA)
Tipo de Item KOHA Libro
Existencias
No para Préstamo Colección Biblioteca de Origen Biblioteca Permanente Fecha de Adquisición Fuente de Adquisicion Total de Préstamos Signatura Topográfica Código de Barras Última vez visto Tipo de Material
Material en Reserva General Biblioteca Central Estatal de Guanajuato, "Wigberto Jiménez Moreno" Biblioteca Central Estatal de Guanajuato, "Wigberto Jiménez Moreno" 29/01/2026 DONAD   907.209 O771d BCEG8655230819 29/01/2026 Libro